[Event "IHEM 2002"]
[Site "Hamburg"]
[Date "2002.05.25"]
[Round "9.15"]
[White "Voigt, Martin"]
[Black "Meier, David-Geffrey"]
[Result "0-1"]
[WhiteElo "2298"]
[BlackElo "2108"]
[PlyCount "92"]
[EventDate "2002.??.??"]

1. e4 e6 2. d4 d5 3. Nc3 Bb4 4. e5 c5 5. dxc5 Nc6 6. Nf3 Nge7 7. Bd3 Bxc5 8.
O-O a6 9. Bf4 h6 10. a3 b5 11. Qd2 Ng6 12. Bxg6 fxg6 13. Be3 Bxe3 14. Qxe3 O-O
15. Ne2 g5 16. Nfd4 Nxd4 17. Nxd4 Rf4 18. f3 Qb6 19. c3 Bd7 20. h4 Rxh4 21. g3
Rh5 22. Kg2 Be8 23. g4 Rh4 24. Kg3 Bg6 25. Nf5 Qd8 26. Nxh4 gxh4+ 27. Kh3 Bh7
28. Rf2 h5 29. g5 Bf5+ 30. Kxh4 Rc8 31. Rd2 g6 32. Rd4 Rc4 33. a4 Qa5 34. b4
Qc7 {(=)} 35. Rxc4 Qxc4+ 36. Kg3 h4+ 37. Kf2 Qb3 38. axb5 Qb2+ 39. Qe2 Qxa1 40.
b6 Qxc3 41. Qxa6 Qd2+ 42. Qe2 Qxb4 43. Qa6 Qd2+ 44. Qe2 Qd4+ 45. Qe3 Qb2+ 46.
Ke1 d4 0-1

[Event "IHEM 2002"]
[Site "Hamburg"]
[Date "2002.05.25"]
[Round "9.16"]
[White "Maahs, Erich"]
[Black "Schulz, Hans-Juergen"]
[Result "1-0"]
[WhiteElo "2194"]
[BlackElo "2104"]
[PlyCount "87"]
[EventDate "2002.??.??"]

1. e4 e5 2. f4 d5 3. exd5 e4 4. d3 Nf6 5. dxe4 Nxe4 6. Qd4 Nf6 7. Nc3 Be7 8.
Bd2 O-O 9. O-O-O Nbd7 10. Be2 Bc5 11. Qd3 Nb6 12. Bf3 Bg4 13. Be3 Qe7 14. Bd4
Bxd4 15. Qxd4 Rfd8 16. Bxg4 Nxg4 17. Nf3 Nf6 18. Rhe1 Qf8 19. Re5 Nbd7 20. Re2
Nb6 21. Re5 Nbd7 22. Rf5 Ne8 23. Ng5 Ndf6 24. Nce4 h6 25. Nxf6+ Nxf6 26. Ne4
Nxe4 27. Qxe4 Rd7 28. g4 Re8 29. Re5 Red8 30. g5 f6 31. Rf5 Rf7 32. gxf6 Rxf6
33. Rxf6 Qxf6 34. Qe5 Qf7 35. b3 Re8 36. Qd4 Re2 37. h3 Qf5 38. Qc4 Re4 39.
Qxc7 Rxf4 40. d6 Qe5 41. Kb1 Qe2 42. Rg1 Qe5 43. Qc8+ Kf7 44. d7 1-0

[Event "IHEM 2002"]
[Site "Hamburg"]
[Date "2002.05.25"]
[Round "9.17"]
[White "Frackowiak, Oliver"]
[Black "Schüler, Hendrik"]
[Result "1-0"]
[WhiteElo "2069"]
[BlackElo "2197"]
[PlyCount "185"]
[EventDate "2002.??.??"]

1. e4 e6 2. d4 {(=)} 2... d5 3. Nc3 Bb4 4. e5 c5 5. a3 Bxc3+ 6. bxc3 Ne7 7. Qg4
Qc7 8. Qxg7 Rg8 9. Qxh7 cxd4 10. Ne2 Nbc6 11. f4 Bd7 12. Qd3 dxc3 13. Nxc3 a6
14. Rb1 Na5 15. h4 O-O-O 16. Rh3 Nf5 17. h5 Qc5 18. h6 Rg6 19. h7 Rh8 20. Nd1
Nc4 21. Qb3 Bc6 22. Ne3 Ncxe3 23. Bxe3 Nxe3 24. Rxe3 d4 25. Rh3 Qa5+ 26. Kd1
Rg7 27. Qc4 Rgxh7 28. Rhb3 Qd5 29. Qxd5 Bxd5 30. Rb4 Rh1 31. Ke2 R8h2 32. Kf2
Rh4 33. Rxd4 Bc6 34. Rb3 Kc7 35. Rc3 R4h2 36. Rd6 Rh4 37. Rd4 Rh6 38. Bxa6 Rb1
39. Be2 Rhh1 40. Bf3 Rhf1+ 41. Kg3 Rb6 42. Rd6 Ra1 43. Bxc6 bxc6 44. Kg4 Ra6
45. Rcd3 Ra8 46. Rd7+ Kb6 47. Rb3+ Kc5 48. Rc3+ Kb6 49. Rxf7 Rg8+ 50. Kf3 Rg1
51. Ke4 R1xg2 52. Rf6 Re8 53. Kd4 Re2 54. Rb3+ Ka7 55. c3 Rd2+ 56. Kc4 Rd7 57.
Rb2 Ka8 58. Rb6 Ka7 59. Rxc6 Rde7 60. Kc5 Kb7 61. a4 Ka8 62. a5 Ka7 63. c4 Ka8
64. Kb5 Ka7 65. Rb6 Ka8 66. c5 Ka7 67. a6 Ka8 68. Rg6 Rc7 69. Rgxe6 Ree7 70.
Rxe7 Rxc5+ 71. Ka4 Ra5+ 72. Kb3 Rb5+ 73. Kc4 Rc5+ 74. Kd4 Rd5+ 75. Ke4 Rd4+ 76.
Kf5 Rxf4+ 77. Ke6 Rf6+ 78. Kd7 Rxb6 79. Re6 Rb5 80. Ke7 Ka7 81. Kf6 Rb1 82. Rd6
Rf1+ 83. Ke7 Re1 84. e6 Kb8 85. Rc6 Ka7 86. Kf7 Rf1+ 87. Ke8 Re1 88. Kd7 Rd1+
89. Rd6 Rc1 90. e7 Rc2 91. Kd8 Rc3 92. e8=Q Rc4 93. Qd7+ 1-0